| 000 | 03314cam a22005895i 4500 | ||
|---|---|---|---|
| 001 | data | ||
| 005 | 20260322212112.0 | ||
| 006 | data | ||
| 007 | data | ||
| 008 | data | ||
| 035 | _a21936582 | ||
| 906 |
_a0 _bibc _corigres _du _encip _f20 _gy-gencatlg |
||
| 925 | 0 |
_aacquire _epcnspringer _xpolicy default |
|
| 010 | _a 2019767618 | ||
| 020 | _a9783030015329 | ||
| 024 | 7 |
_a10.1007/978-3-030-01532-9 _2doi |
|
| 035 | _a(DE-He213)978-3-030-01532-9 | ||
| 040 |
_aDLC _beng _erda _erda _cDLC |
||
| 072 | 7 |
_aBUS087000 _2bisacsh |
|
| 072 | 7 |
_aKJMV6 _2bicssc |
|
| 072 | 7 |
_aKJMV6 _2thema |
|
| 072 | 7 |
_aPDG _2thema |
|
| 082 | 0 | 4 |
_a658.514 _223 |
| 097 | 0 | 0 | _aHD28-70 |
| 100 | 1 |
_aWiegmann, Paul Moritz, _eauthor. |
|
| 245 | 1 | 0 |
_aManaging Innovation and Standards : _bA Case in the European Heating Industry / _cby Paul Moritz Wiegmann. |
| 250 | _a1st ed. 2019. | ||
| 264 | 1 |
_aCham : _bImprint: Palgrave Pivot, _bImprint: Palgrave Pivot, _c2019. |
|
| 300 | _a1 online resource (XIII, 171 pages 4 illustrations) | ||
| 336 |
_atext _btxt _2rdacontent |
||
| 337 |
_acomputer _bc _2rdamedia |
||
| 338 |
_aonline resource _bcr _2rdacarrier |
||
| 347 |
_atext file _bPDF _2rda |
||
| 505 | 0 | _aIntroduction - Rooting the Study in the Theoretical Context -- Background on Methodology and Case -- Standards, Regulation and Conformity Assessment for mCHP -- Managing Standards for mCHP on Company Level -- Industry Level Collaboration in mCHP Standardisation and Regulation -- Building a Grounded Theory on Managing Standards in Innovation Contexts -- Conclusions - Managing Standards in Innovation within the Company and Beyond. | |
| 506 | _fUnrestricted online access | ||
| 506 | 0 | _aOpen Access | |
| 520 | _aThis book provides an in-depth study of the management of standards and regulation in sustainable and radical innovation development. It considers the case of micro Combined Heat and Power (mCHP) technology. The developers of this radical innovation in the European heating sector encountered major conflicts when attempting to create or adapt standards when bringing the technology to market. Utilising rich research data and interviews with key actors, the author uses this case to derive a grounded theory on the management of standards and regulation during an innovation process. The results also have important implications for innovators, which are reflected in clear advice for practice. | ||
| 540 |
_aCreative Commons Attribution 4.0 International. _fCC BY 4.0 _uhttps://creativecommons.org/licenses/by/4.0/legalcode/ |
||
| 588 | _aDescription based on publisher-supplied MARC data. | ||
| 650 | 0 | _aIndustrial management. | |
| 650 | 0 | _aManagement. | |
| 650 | 1 | 4 |
_aInnovation/Technology Management. _0https://scigraph.springernature.com/ontologies/product-market-codes/518000 |
| 650 | 2 | 4 |
_aManagement. _0https://scigraph.springernature.com/ontologies/product-market-codes/515000 |
| 776 | 0 | 8 |
_iPrint version: _tManaging innovation and standards. _z9783030015312 _w(DLC) 2018956730 |
| 776 | 0 | 8 |
_iPrinted edition: _z9783030015312 |
| 776 | 0 | 8 |
_iPrinted edition: _z9783030015336 |
| 776 | 0 | 8 |
_iPrinted edition: _z9783030131838 |
| 856 | 4 | 0 |
_dgdcebookspublic _f2019767618 _uhttps://hdl.loc.gov/loc.gdc/gdcebookspublic.2019767618 |
| 985 | _agdc/doab | ||
| 985 | _agdc/scd | ||
| 985 |
_aspringerpcn _ebatch8 |
||
| 999 |
_c1679 _d1679 |
||